Southville International School and Colleges
Your cart is empty.
  • Cart
  • Lists
    Public lists Eva Luna New books Lux_list list_1
    Your lists Log in to create your own lists
  • Log in to your account
  • Your cookies
  • Search history
Southville International School and Colleges
  • Advanced search
  • Recent comments
  • Most popular
  • Libraries

Log in to your account

Log in with GOOGLE


If you do not have an external account, but do have a local account, you can still log in:

  1. Home
  2. MARC view: The 21 most powerful minutes in a leader's day :
Normal view MARC view ISBD view

The 21 most powerful minutes in a leader's day : (Record no. 14702)

[ view plain ]
MARC details
000 -LEADER
fixed length control field 01227cam a22003134a 4500
001 - CONTROL NUMBER
control field 15768285
003 - CONTROL NUMBER IDENTIFIER
control field PILC
005 - DATE AND TIME OF LATEST TRANSACTION
control field 20150112093440.0
008 - FIXED-LENGTH DATA ELEMENTS--GENERAL INFORMATION
fixed length control field 090609s2007 tnu 000 0 eng
010 ## - LIBRARY OF CONGRESS CONTROL NUMBER
LC control number 2009284217
020 ## - INTERNATIONAL STANDARD BOOK NUMBER
International Standard Book Number 0785274324
020 ## - INTERNATIONAL STANDARD BOOK NUMBER
International Standard Book Number 9780785289272 (repak)
020 ## - INTERNATIONAL STANDARD BOOK NUMBER
International Standard Book Number 0785274324
040 ## - CATALOGING SOURCE
Original cataloging agency DLC
Transcribing agency DLC
Modifying agency DLC
050 00 - LIBRARY OF CONGRESS CALL NUMBER
Classification number HD 57.7
Item number .M465 1993
082 00 - DEWEY DECIMAL CLASSIFICATION NUMBER
Classification number MnSF 658.4092
Item number M45 2000
100 1# - MAIN ENTRY--PERSONAL NAME
Personal name Maxwell, John C.,
Dates associated with a name 1947-
9 (RLIN) 17957
245 14 - TITLE STATEMENT
Title The 21 most powerful minutes in a leader's day :
Remainder of title revitalize your spirit and empower your leadership /
Statement of responsibility, etc John C. Maxwell.
246 3# - VARYING FORM OF TITLE
Title proper/short title Twenty-one most powerful minutes in a leader's day
260 ## - PUBLICATION, DISTRIBUTION, ETC. (IMPRINT)
Place of publication, distribution, etc Nashville :
Name of publisher, distributor, etc Thomas Nelson,
Date of publication, distribution, etc 1993.
300 ## - PHYSICAL DESCRIPTION
Extent 371 pages :
Dimensions 22 cm.
650 #0 - SUBJECT ADDED ENTRY--TOPICAL TERM
Topical term or geographic name as entry element Leadership
Form subdivision Handbooks, manuals, etc.
9 (RLIN) 17958
650 #0 - SUBJECT ADDED ENTRY--TOPICAL TERM
Topical term or geographic name as entry element Leadership
General subdivision Religious aspects.
9 (RLIN) 17959
650 #0 - SUBJECT ADDED ENTRY--TOPICAL TERM
Topical term or geographic name as entry element Professional ethics.
9 (RLIN) 17960
856 42 - ELECTRONIC LOCATION AND ACCESS
Materials specified Publisher description
Uniform Resource Identifier <a href="http://www.loc.gov/catdir/enhancements/fy0608/00134098-d.html">http://www.loc.gov/catdir/enhancements/fy0608/00134098-d.html</a>
906 ## - LOCAL DATA ELEMENT F, LDF (RLIN)
a 7
b cbc
c origres
d 2
e ncip
f 20
g y-gencatlg
942 ## - ADDED ENTRY ELEMENTS (KOHA)
Source of classification or shelving scheme Library of Congress Classification
Koha item type Books
Holdings
Withdrawn status Lost status Source of classification or shelving scheme Damaged status Home library Current library Shelving location Date acquired Total Checkouts Full call number Barcode Date last seen Copy number Price effective from Koha item type
    Library of Congress Classification   Southville International School Affiliated with Foreign Universities Library Southville International School Affiliated with Foreign Universities Library Southville Foreign University Section 09/11/2013   HD 57.7 .M465 1993 SFU1055 05/15/2018 1 09/11/2013 Books

The 21 most powerful minutes in a leader's day :

APA

Maxwell J. C., . (1993). The 21 most powerful minutes in a leader's day. Nashville: Thomas Nelson.

Chicago

Maxwell John C, . 1993. The 21 most powerful minutes in a leader's day. Nashville: Thomas Nelson.

Harvard

Maxwell J. C., . (1993). The 21 most powerful minutes in a leader's day. Nashville: Thomas Nelson.

MLA

Maxwell John C, . The 21 most powerful minutes in a leader's day. Nashville: Thomas Nelson. 1993.

  • Place hold
  • Print
  • Cite
  • Add to your cart (remove)
  • Save record
    BIBTEX Dublin Core MARCXML MARC (non-Unicode/MARC-8) MARC (Unicode/UTF-8) MARC (Unicode/UTF-8, Standard) MODS (XML) RIS
  • More searches
    Search for this title in:
    Other Libraries (WorldCat) Other Databases (Google Scholar) Online Stores (Bookfinder.com) Open Library (openlibrary.org)

Exporting to Dublin Core...

SOUTHVILLE LIBRARY

Southville International School and Colleges Library

1281 Tropical Ave. Cor. Luxembourg St., BF Homes International, Las Pinas City

Tel. No. 8256374 / 252358 Loc. 117/146

Powered by Koha